00658nam a2200181 a 450000100100000000500170001000800410002702000180006804000250008610000370011124500430014826000570019130000280024849000650027649000350034183000650037683000350044100003408420200930070747.0110914s2006 ag 000 0 spa d a9789505564828 aDO-SdBNPbspacBNPHU1 aPuiggrós, Rodolfo,d1906-1980.13aEl yrigoyenismo /cRodolfo Puiggrós. aBuenos Aires, Argentina :bEditorial Galerna,c2006. a224 p. :bil. ;c23 cm.1 aHistoria crítica de los partidos políticos Argentinosv21 aBiblioteca popularaDocumentos 0aHistoria crítica de los partidos políticos Argentinosv2 0aBiblioteca popularpDocumentos